Catálogo - Centro de Recursos para el Aprendizaje y la Investigación

Volver al Sitio - CRAI Biblioteca

El caballito Luperón / (Registro nro. 113378)

Detalles MARC
000 -CABECERA
campo de control de longitud fija 01290nam a2200325 4500
001 - NÚMERO DE CONTROL
campo de control 113378
003 - IDENTIFICADOR DEL NÚMERO DE CONTROL
campo de control DR-UNIBE
005 - FECHA Y HORA DE LA ÚLTIMA TRANSACCIÓN
campo de control 20251119062551.0
008 - DATOS DE LONGITUD FIJA--INFORMACIÓN GENERAL
campo de control de longitud fija 250326b2010 dr ||||| |||| 00| 1 spa d
020 ## - NÚMERO INTERNACIONAL ESTÁNDAR DEL LIBRO
Número Internacional Estándar del Libro 9789945452259
040 ## - FUENTE DE LA CATALOGACIÓN
Centro catalogador/agencia de origen BIBLIOTECA UNIBE
Lengua de catalogación spa
Centro/agencia transcriptor BIBLIOTECA UNIBE
Normas de descripción rda
041 ## - CÓDIGO DE LENGUA
Código de lengua del texto/banda sonora o título independiente spa
090 ## - LOCALMENTE ASIGNADO TIPO-LC NÚMERO DE CLASIFICACIÓN (OCLC); NÚMERO DE CLASIFICACIÓN LOCAL (RLIN)
Número de clasificación (OCLC) (R) ; Numero de clasificación, CALL (RLIN) (NR) FBIU-ND CI G594c
100 #0 - ENTRADA PRINCIPAL--NOMBRE DE PERSONA
Nombre de persona Goede, Johanna
Término indicativo de función/relación autor
9 (RLIN) 193475
245 13 - MENCIÓN DE TÍTULO
Título El caballito Luperón /
Mención de responsabilidad, etc. Johanna Goede ; ilustrador: René León ; diagramación: Rafael Brugal
250 ## - MENCIÓN DE EDICIÓN
Mención de edición Primera edición
260 ## - PUBLICACIÓN, DISTRIBUCIÓN, ETC.
Lugar de publicación, distribución, etc. Santo Domingo :
Nombre del editor, distribuidor, etc. Nuevo Diario,
Fecha de publicación, distribución, etc. 2010
300 ## - DESCRIPCIÓN FÍSICA
Extensión 25 páginas :
Otras características físicas ilustraciones a color ;
Dimensiones 19 x 14 cm
500 ## - NOTA GENERAL
Nota general Comentarios sobre la obra en la solapas y contraportada, información del autor al final de la obra
653 #7 - TÉRMINO DE INDIZACIÓN--NO CONTROLADO
Término no controlado Cuentos infantiles dominicanos
653 #7 - TÉRMINO DE INDIZACIÓN--NO CONTROLADO
Término no controlado Luperón, Gregorio, 1939-1897 - Biografías
653 #7 - TÉRMINO DE INDIZACIÓN--NO CONTROLADO
Término no controlado Puerto Plata - Historia
653 #7 - TÉRMINO DE INDIZACIÓN--NO CONTROLADO
Término no controlado Literatura infantil dominicana
700 10 - PUNTO DE ACCESO ADICIONAL--NOMBRE DE PERSONA
Nombre de persona Finke González, Carlos Manuel
Fechas asociadas al nombre 1925-2016
9 (RLIN) 193476
Término indicativo de función/relación comentarista
700 #0 - PUNTO DE ACCESO ADICIONAL--NOMBRE DE PERSONA
Nombre de persona Ramos Tejada, Emelda,
Fechas asociadas al nombre 1948-
9 (RLIN) 53451
Término indicativo de función/relación comentarista
700 10 - PUNTO DE ACCESO ADICIONAL--NOMBRE DE PERSONA
Nombre de persona Russo, Lilian,
Fechas asociadas al nombre 1940-2023
9 (RLIN) 193477
Término indicativo de función/relación comentarista
700 #0 - PUNTO DE ACCESO ADICIONAL--NOMBRE DE PERSONA
Nombre de persona León Morales, René
Término indicativo de función/relación ilustrador
9 (RLIN) 193478
700 #0 - PUNTO DE ACCESO ADICIONAL--NOMBRE DE PERSONA
Nombre de persona Brugal, Rafael
Término indicativo de función/relación diagramador
9 (RLIN) 193479
942 ## - ELEMENTOS DE PUNTO DE ACCESO ADICIONAL (KOHA)
Fuente del sistema de clasificación o colocación Sistema de Clasificación Decimal Dewey
Tipo de ítem Koha Libro (general)
Existencias
Estado de retiro Estado de pérdida Fuente del sistema de clasificación o colocación No para préstamo Código de colección Localización permanente Fecha de adquisición Total de préstamos Signatura topográfica completa Código de barras Fecha visto por última vez Número de copia Precio válido a partir de Tipo de ítem Koha
  Disponible Sistema de Clasificación Decimal Dewey No se presta Fondo Bibliográfico IBBY-UNIBE Biblioteca Central UNIBE 26/03/2025   FBIU-ND CI G594c FBIU0865 26/03/2025 Ej.1 26/03/2025 Libro (reserva)